000 00848nam a2200217 i 4500
001 bg
100 1 _aUPŁAWA, Stanisław
245 1 0 _aPodstawowe dylematy długofalowego rozwoju polskiej gospodarki i sposoby ich rozwiązywania /
_cStanisław Upława.
260 _aWarszawa :
_bIRiSS,
_c1998.
300 _a93 s. ;
_c25 cm.
490 1 _aRaporty / Instytut Rozwoju i Studiów Strategicznych,
_x1230-2848 ;
_v76
500 _aPublikacja zrealizowana w ramach projektu badawczego "Długofalowa wizja nowoczesnego rozwoju gospodarki Polski".
650 9 _aGospodarka
_xprognozy
651 9 _aPolska
_xgospodarka
_yod 1989 r.
830 0 _aRaporty (Instytut Rozwoju i Studiów Strategicznych) ;
_v76
040 _cBPK
041 0 _apl
_bpl
080 _a338.22:338.27](438)"1989/..."
942 _cKS
008 s pl f |000 0 pol
999 _c33677
_d33677
856 _uhttp://koha.tu.koszalin.pl/cgi-bin/koha/opac-detail.pl?biblionumber=33677
_yKatalog online BPK